000 02232nam a22004817a 4500
001 16097291
003 OSt
005 20210426100551.0
008 100218s2010 nyuab b 000 0 eng
010 _a 2010006963
020 _a9781594202766
020 _a9780143118763
040 _aDLC
_cDLC
_dDLC
_beng
041 _aeng
042 _apcc
043 _an-us---
_ae------
050 0 0 _aD860
_b.J83 2010
080 _a94
_bJ-89
082 0 0 _a909.83/1
_222
100 1 _aJudt, Tony.
245 1 0 _aIll fares the land /
_cTony Judt.
_b/ by: Penguin Press
260 _aNew York
_bPenguin Press
_c2010.
300 _axvi, 237 p.
_bill., map
_c22 cm.
365 _b15 usd
504 _aIncludes bibliographical references.
505 0 _aIntroduction: A guide for the perplexed -- The way we live now -- The world we have lost -- The unbearable lightness of politics -- Goodbye to all that? -- What is to be done? -- The shape of things to come -- Conclusion: What is living and what is dead in social democracy?
520 _aIn "Ill Fares The Land," Tony Judt, one of our leading historians and thinkers, reveals how we have arrived at our present dangerously confused moment and offers the language we need to address our common needs, rejecting the nihilistic individualism of the far right and the debunked socialism of the past. To find a way forward, Judt argues that we must look to our not so distant past and to social democracy in action: to re-enshrining fairness over mere efficiency.
650 0 _aWorld politics
_y1989-
650 0 _aHistory
_9252
650 0 _aHistory, Modern
_y1989-
650 0 _aEconomic history
_y1990-
650 0 _aSocial problems
_zDeveloped countries.
650 0 _aDemocracy
_zDeveloped countries.
650 0 _aSocialism
_zDeveloped countries.
650 0 _aPolitical culture
_zDeveloped countries.
650 0 _aSocial change
_zDeveloped countries.
650 0 _aCivilization, Modern
_y21st century.
650 0 _aCivilization, Western.
653 _aისტორია
906 _a7
_bcbc
_corigcop
_d1
_encip
_f20
_gy-gencatlg
942 _2udc
_cBK
999 _c1283
_d1283